<?xml version="1.0" encoding="UTF-8"?>
<record
    xmlns:xsi="http://www.w3.org/2001/XMLSchema-instance"
    xsi:schemaLocation="http://www.loc.gov/MARC21/slim http://www.loc.gov/standards/marcxml/schema/MARC21slim.xsd"
    xmlns="http://www.loc.gov/MARC21/slim">

  <leader>01180nam a22002417a 4500</leader>
  <controlfield tag="003">KOHA_M&#x130;RAKIL</controlfield>
  <controlfield tag="005">20260413123943.0</controlfield>
  <controlfield tag="008">260413b        tu ||||| |||| 00| 0 tur d</controlfield>
  <datafield tag="040" ind1=" " ind2=" ">
    <subfield code="a">TR-AnABB</subfield>
    <subfield code="b">tur</subfield>
    <subfield code="c">TR-AnABB</subfield>
  </datafield>
  <datafield tag="041" ind1=" " ind2=" ">
    <subfield code="a">tur</subfield>
  </datafield>
  <datafield tag="082" ind1=" " ind2=" ">
    <subfield code="a">352.0080609567</subfield>
    <subfield code="b">GUN 1994</subfield>
  </datafield>
  <datafield tag="111" ind1="2" ind2=" ">
    <subfield code="a">G&#xFC;neydo&#x11F;u ve yerel y&#xF6;netimler sempozyumu </subfield>
    <subfield code="d">(1994 :</subfield>
    <subfield code="c">Diyarbak&#x131;r)</subfield>
    <subfield code="9">3374</subfield>
  </datafield>
  <datafield tag="245" ind1="1" ind2="0">
    <subfield code="a">G&#xFC;neydo&#x11F;u ve yerel y&#xF6;netimler sempozyumu, 26-27 Ekim 1994, Diyarbak&#x131;r /</subfield>
    <subfield code="c">T&#xFC;rk Belediyecilik Derne&#x11F;i</subfield>
  </datafield>
  <datafield tag="260" ind1=" " ind2=" ">
    <subfield code="a">Ankara : </subfield>
    <subfield code="b">T&#xFC;rk Belediyecilik Derne&#x11F;i,</subfield>
    <subfield code="c">1994</subfield>
  </datafield>
  <datafield tag="300" ind1=" " ind2=" ">
    <subfield code="a">126 sayfa ; </subfield>
    <subfield code="c">20 cm</subfield>
  </datafield>
  <datafield tag="500" ind1=" " ind2=" ">
    <subfield code="a">Birinci Oturum: Kentle&#x15F;me Sorunlar&#x131;, Oturum Ba&#x15F;kan&#x131; Prof. Dr. Ru&#x15F;en Kele&#x15F;
D&#xF6;rd&#xFC;nc&#xFC; Oturum: Genel De&#x11F;erlendirme, Prof. Dr. Ru&#x15F;en Kele&#x15F;'in Konu&#x15F;mas&#x131;</subfield>
  </datafield>
  <datafield tag="505" ind1=" " ind2=" ">
    <subfield code="a">&#x130;&#xE7;indekiler: Birinci Oturum: Kentle&#x15F;me Sorunlar&#x131; - &#x130;kinci Oturum: Belediyelerin idari-mali ve sosyal sorunlar&#x131; - &#xDC;&#xE7;&#xFC;nc&#xFC; Oturum: Yerel y&#xF6;netimler reformu - D&#xF6;rd&#xFC;nc&#xFC; Oturum: Genel De&#x11F;erlendirme</subfield>
  </datafield>
  <datafield tag="650" ind1="0" ind2="4">
    <subfield code="a">Yerel y&#xF6;netimler</subfield>
  </datafield>
  <datafield tag="650" ind1="0" ind2="4">
    <subfield code="a">Yerel y&#xF6;netimler, GAP</subfield>
  </datafield>
  <datafield tag="650" ind1="0" ind2="4">
    <subfield code="a">Yerel y&#xF6;netimler, GAP</subfield>
  </datafield>
  <datafield tag="650" ind1="0" ind2="4">
    <subfield code="a">Yerel y&#xF6;netimler, T&#xFC;rkiye</subfield>
  </datafield>
  <datafield tag="942" ind1=" " ind2=" ">
    <subfield code="2">ddc</subfield>
    <subfield code="c">BK</subfield>
  </datafield>
  <datafield tag="952" ind1=" " ind2=" ">
    <subfield code="0">0</subfield>
    <subfield code="1">0</subfield>
    <subfield code="2">ddc</subfield>
    <subfield code="7">0</subfield>
    <subfield code="a">RUK</subfield>
    <subfield code="b">RUK</subfield>
    <subfield code="d">2026-04-13</subfield>
    <subfield code="l">0</subfield>
    <subfield code="o">352.0080609567 GUN 1994</subfield>
    <subfield code="p">RK7018</subfield>
    <subfield code="r">2026-04-13 12:39:52</subfield>
    <subfield code="w">2026-04-13</subfield>
    <subfield code="y">BK</subfield>
  </datafield>
  <datafield tag="999" ind1=" " ind2=" ">
    <subfield code="c">10200</subfield>
    <subfield code="d">10200</subfield>
  </datafield>
  <datafield tag="900" ind1=" " ind2=" ">
    <subfield code="b">Can &#xC7;ELIK</subfield>
  </datafield>
</record>
